Capitalele Lumii - Statistics

General Stats
  • This quiz has been taken 367 times
    73 since last reset
  • The average score is 65 of 196
Answer Stats
Țară Capitala % Correct
România București
91%
Grecia Atena
86%
Italia Roma
86%
Bulgaria Sofia
86%
Germania Berlin
82%
Ucraina Kiev
82%
Spania Madrid
82%
Franța Paris
82%
Austria Viena
82%
Regatul Unit Londra
77%
Rusia Moscova
77%
Olanda Amsterdam
73%
Ungaria Budapesta
73%
Moldova Chișinău
73%
Irlanda Dublin
73%
Luxemburg Luxemburg
73%
Belarus Minsk
73%
Vatican Vatican
73%
Portugalia Lisabona
68%
Norvegia Oslo
68%
Cehia Praga
68%
San Marino San Marino
68%
Suedia Stockholm
68%
Polonia Varșovia
68%
Belgia Bruxelles
64%
Finlanda Helsinki
64%
Monaco Monaco
64%
Letonia Riga
64%
Estonia Tallinn
64%
Albania Tirana
64%
Serbia Belgrad
59%
Brazilia Brasília
59%
Argentina Buenos Aires
59%
Danemarca Copenhaga
59%
Japonia Tokyo
59%
Lituania Vilnius
59%
Croația Zagreb
59%
Andorra Andorra la Vella
55%
Elveția Berna
55%
Slovacia Bratislava
55%
Islanda Reykjavík
55%
Turcia Ankara
50%
Egipt Cairo
50%
Slovenia Ljubljana
50%
Bosnia și Herțegovina Sarajevo
50%
Macedonia de Nord Skopje
50%
Liechtenstein Vaduz
50%
Statele Unite Washington, D.C.
50%
China Beijing
45%
Venezuela Caracas
45%
Mexic Ciudad de México
45%
Muntenegru Podgorica
45%
Kosovo Pristina
45%
Coreea de Sud Seul
45%
Georgia Tbilisi
45%
Malta Valletta
45%
Emiratele Arabe Unite Abu Dhabi
41%
Peru Lima
41%
India New Delhi
41%
Canada Ottawa
41%
Iran Teheran
41%
Paraguay Asunción
36%
Thailanda Bangkok
36%
Columbia Bogotá
36%
Uruguay Montevideo
36%
Cipru Nicosia
36%
Ecuador Quito
36%
Chile Santiago
36%
Madagascar Antananarivo
32%
Kazahstan Astana
32%
Irak Bagdad
32%
Siria Damasc
32%
Cuba Havana
32%
Indonezia Jakarta
32%
Bolivia La Paz / Sucre
32%
Arabia Saudită Riad
32%
Azerbaidjan Baku
27%
Australia Canberra
27%
Qatar Doha
27%
Armenia Erevan
27%
Israel Ierusalim
27%
Jamaica Kingston
27%
Africa de Sud Pretoria / Cape Town / Bloemfontein
27%
Maroc Rabat
27%
Singapore Singapore
27%
Mongolia Ulaanbaatar
27%
Nigeria Abuja
23%
Ghana Accra
23%
Algeria Alger
23%
Iordania Amman
23%
Panama Ciudad de Panamá
23%
Djibouti Djibouti
23%
Guyana Georgetown
23%
Vietnam Hanoi
23%
Pakistan Islamabad
23%
Afganistan Kabul
23%
Nepal Kathmandu
23%
Angola Luanda
23%
Maldive Malé
23%
Filipine Manila
23%
Mozambic Maputo
23%
Liberia Monrovia
23%
Kenya Nairobi
23%
Bahamas Nassau
23%
Mauritania Nouakchott
23%
Coreea de Nord Phenian
23%
Yemen Sana'a
23%
Costa Rica San José
23%
El Salvador San Salvador
23%
Taiwan Taipei
23%
Libia Tripoli
23%
Tunisia Tunis
23%
Noua Zeelandă Wellington
23%
Namibia Windhoek
23%
Etiopia Addis Ababa
18%
Kuweit Al Kuwait
18%
Eritreea Asmara
18%
Mali Bamako
18%
Gambia Banjul
18%
Liban Beirut
18%
Kârgâzstan Bișkek
18%
Guineea-Bissau Bissau
18%
Guatemala Ciudad de Guatemala
18%
Guineea Conakry
18%
Senegal Dakar
18%
Bangladesh Dhaka
18%
Tanzania Dodoma
18%
Tadjikistan Dușanbe
18%
Botswana Gaborone
18%
Burundi Gitega
18%
Sudan Khartoum
18%
Republica Democrată Congo Kinshasa
18%
Malaezia Kuala Lumpur
18%
Gabon Libreville
18%
Malawi Lilongwe
18%
Togo Lomé
18%
Nicaragua Managua
18%
Lesotho Maseru
18%
Eswatini Mbabane
18%
Somalia Mogadishu
18%
Ciad N'Djamena
18%
Niger Niamey
18%
Burkina Faso Ouagadougou
18%
Surinam Paramaribo
18%
Haiti Port-au-Prince
18%
Mauritius Port Louis
18%
Benin Porto Novo
18%
Capul Verde Praia
18%
Republica Dominicană Santo Domingo
18%
Uzbekistan Tașkent
18%
Honduras Tegucigalpa
18%
Coasta de Fildeș Yamoussoukro
18%
Camerun Yaoundé
18%
Samoa Apia
14%
Turkmenistan Așgabat
14%
Brunei Bandar Seri Begawan
14%
Republica Centrafricană Bangui
14%
Sfântul Cristofor și Nevis Basseterre
14%
Belize Belmopan
14%
Republica Congo Brazzaville
14%
Barbados Bridgetown
14%
Sfânta Lucia Castries
14%
Guineea Ecuatorială Ciudad de la Paz
14%
Timorul de Est Dili
14%
Sierra Leone Freetown
14%
Tuvalu Funafuti
14%
Zimbabwe Harare
14%
Insulele Solomon Honiara
14%
Sudanul de Sud Juba
14%
Uganda Kampala
14%
Rwanda Kigali
14%
Sfântul Vicențiu și Grenadine Kingstown
14%
Zambia Lusaka
14%
Insulele Marshall Majuro
14%
Bahrain Manama
14%
Comore Moroni
14%
Oman Muscat
14%
Birmania Naypyidaw
14%
Palau Ngerulmud
14%
Tonga Nuku'alofa
14%
Statele Federate ale Microneziei Palikir
14%
Cambodgia Phnom Penh
14%
Papua Noua Guinee Port Moresby
14%
Trinidad și Tobago Port of Spain
14%
Vanuatu Port Vila
14%
Dominica Roseau
14%
Grenada Saint George's
14%
São Tomé și Príncipe São Tomé
14%
Sri Lanka Sri Jayewardanapura Kotte
14%
Antigua și Barbuda St. John’s
14%
Fiji Suva
14%
Kiribati Tarawa
14%
Bhutan Thimphu
14%
Seychelles Victoria
14%
Laos Vientiane
14%
Nauru Yaren
14%
No matching quizzes found
Score Distribution
Percent of People with Each Score
Percentile by Number Answered
Your Score History
You have not taken this quiz since the last reset